[Event "Wch U12"]
[Site "Oropesa del Mar"]
[Date "1998.??.??"]
[Round "9"]
[White "Radjabov, Teimour"]
[Black "Cheparinov, Ivan"]
[Result "1-0"]
[WhiteElo "2325"]
[BlackElo "2110"]
[PlyCount "129"]
[EventDate "1998.10.25"]
[EventType "swiss"]
[EventRounds "11"]
[EventCountry "ESP"]
[SourceTitle "EXT 2000"]
[Source "ChessBase"]
[SourceDate "1999.11.16"]
[SourceVersion "1"]
[SourceVersionDate "1999.11.16"]
[SourceQuality "1"]

1. c4 e5 2. Nc3 Nc6 3. g3 g6 4. Bg2 Bg7 5. d3 d6 6. e3 f5 7. Nge2 Nf6 8. O-O
O-O 9. Rb1 Ne7 10. b4 g5 11. f4 h6 12. Qb3 Kh8 13. Nd5 Nexd5 14. cxd5 Qe7 15.
fxe5 dxe5 16. b5 Ne8 17. Ba3 Nd6 18. Rbc1 f4 19. exf4 exf4 20. Rce1 f3 21. Bxf3
Qe3+ 22. Kh1 Rxf3 23. Ng1 Rxf1 24. Rxe3 Bh3 25. Rf3 Rxf3 26. Nxf3 Rf8 27. Ng1
g4 28. Bb2 Rf2 29. Bxg7+ Kxg7 30. Nxh3 gxh3 31. Qc3+ Kg6 32. Qe1 Rf6 33. Kg1 h5
34. Qe7 Nf5 35. Qe4 a6 36. g4 hxg4 37. Qxg4+ Kf7 38. bxa6 bxa6 39. Qxh3 Ke7 40.
Qf3 Nd6 41. Qe3+ Kd7 42. h4 Nf7 43. Qd4 Rd6 44. Kf2 Ke7 45. Ke2 Kd7 46. Kd2 Kc8
47. Kc3 Kb7 48. Kc4 Rb6 49. Qg7 Nd6+ 50. Kc3 Nf5 51. Qg5 Nh6 52. a4 Rd6 53. Kc4
Nf7 54. Qf4 Nh6 55. a5 Rg6 56. Kc5 Rd6 57. h5 Kc8 58. Qxd6 cxd6+ 59. Kxd6 Nf5+
60. Kc6 Ne7+ 61. Kc5 Kd7 62. h6 Ng6 63. Kb6 Nf8 64. Kxa6 Kc7 65. Kb5 1-0

[Event "Wch U12"]
[Site "Oropesa del Mar"]
[Date "1998.??.??"]
[Round "10"]
[White "Harikrishna, Pentala"]
[Black "Radjabov, Teimour"]
[Result "0-1"]
[WhiteElo "2200"]
[BlackElo "2325"]
[PlyCount "82"]
[EventDate "1998.10.25"]
[EventType "swiss"]
[EventRounds "11"]
[EventCountry "ESP"]
[SourceTitle "EXT 2000"]
[Source "ChessBase"]
[SourceDate "1999.11.16"]
[SourceVersion "1"]
[SourceVersionDate "1999.11.16"]
[SourceQuality "1"]

1. c4 e5 2. g3 f5 3. Bg2 Nf6 4. Nc3 Bb4 5. e3 Bxc3 6. dxc3 Nc6 7. Nf3 d6 8. O-O
O-O 9. b3 e4 10. Nd4 Ne5 11. Qd2 c5 12. Nc2 Qe7 13. Rd1 Rd8 14. Ba3 b6 15. Ne1
Bb7 16. Qe2 Rd7 17. Bb2 Re8 18. a4 a5 19. Rd2 g5 20. f4 exf3 21. Nxf3 Nxf3+ 22.
Bxf3 Ne4 23. Rd3 g4 24. Bxe4 Bxe4 25. Rd2 Bf3 26. Qd3 Qxe3+ 27. Qxe3 Rxe3 28.
Rf1 Rde7 29. b4 Re2 30. Bc1 axb4 31. cxb4 cxb4 32. Rxe2 Rxe2 33. Rf2 Re1+ 34.
Rf1 Re4 35. Bf4 Rxf4 36. gxf4 Be4 37. Rf2 b3 38. Rb2 Bc2 39. Kg2 Kf7 40. Kg3
Ke6 41. Kh4 Kd7 0-1

[Event "Baku-C U18"]
[Site "Baku"]
[Date "1999.??.??"]
[Round "?"]
[White "Grachev, Boris V"]
[Black "Radjabov, Teimour"]
[Result "0-1"]
[WhiteElo "2192"]
[BlackElo "2395"]
[PlyCount "58"]
[EventDate "1999.??.??"]
[EventType "tourn"]
[EventRounds "6"]
[EventCountry "AZE"]
[SourceTitle "EXT 2000"]
[Source "ChessBase"]
[SourceDate "1999.11.16"]
[SourceVersion "1"]
[SourceVersionDate "1999.11.16"]
[SourceQuality "1"]

1. e4 e6 2. d4 d5 3. Nd2 Nf6 4. e5 Nfd7 5. Bd3 c5 6. c3 Nc6 7. Ne2 cxd4 8. cxd4
f6 9. Nf4 Qe7 10. Nf3 fxe5 11. dxe5 Ndxe5 12. Nxe5 Nxe5 13. Qh5+ Nf7 14. O-O g6
15. Qe2 a6 16. Re1 Nd8 17. Bd2 Qd6 18. Qg4 Be7 19. a3 Rf8 20. g3 e5 21. Qd1 Nc6
22. Ng2 Bh3 23. Ne3 Qf6 24. f4 exf4 25. Bc3 Qd6 26. gxf4 Qxf4 27. Qe2 d4 28.
Ng2 Bxg2 29. Bd2 Bf3 0-1

[Event "Baku-C U18"]
[Site "Baku"]
[Date "1999.??.??"]
[Round "?"]
[White "Mamedyarov, Shakhriyar"]
[Black "Radjabov, Teimour"]
[Result "1/2-1/2"]
[WhiteElo "2201"]
[BlackElo "2395"]
[PlyCount "106"]
[EventDate "1999.??.??"]
[EventType "tourn"]
[EventRounds "6"]
[EventCountry "AZE"]
[SourceTitle "EXT 2000"]
[Source "ChessBase"]
[SourceDate "1999.11.16"]
[SourceVersion "1"]
[SourceVersionDate "1999.11.16"]
[SourceQuality "1"]

1. d4 e6 2. c4 d5 3. g3 f5 4. Bg2 c6 5. Nf3 Nf6 6. O-O Bd6 7. b3 Qe7 8. Ne5 O-O
9. Bb2 Bd7 10. Qc1 Be8 11. Ba3 Nbd7 12. Nd3 Bh5 13. Nf4 Bf7 14. Bxd6 Qxd6 15.
Qa3 Qxa3 16. Nxa3 Rfe8 17. cxd5 exd5 18. Rfe1 a5 19. Nd3 Ne4 20. f4 h5 21. Bxe4
fxe4 22. Ne5 Nxe5 23. fxe5 Be6 24. Kg2 Rf8 25. Rf1 Bg4 26. Rxf8+ Rxf8 27. Re1
b6 28. h3 Bc8 29. Nc2 c5 30. Rd1 Be6 31. Ne3 Rd8 32. g4 h4 33. Kf2 Kf7 34. Nf5
Bxf5 35. gxf5 cxd4 36. Rxd4 g6 37. e6+ Kf6 38. fxg6 Kxe6 39. Rd1 Kf6 40. Rg1
Kg7 41. Ke3 Rc8 42. Kd2 Rc6 43. Rg4 Rxg6 44. Rxh4 Kf6 45. Rh5 Ke6 46. Ke3 Rg2
47. Rh6+ Ke5 48. Rh5+ Kd6 49. Kd4 Rxe2 50. Rxd5+ Kc6 51. Re5 Rxa2 52. Rxe4 a4
53. Kc3 axb3 1/2-1/2

[Event "Baku-C U18"]
[Site "Baku"]
[Date "1999.??.??"]
[Round "?"]
[White "Radjabov, Teimour"]
[Black "Gagunashvili, Merab"]
[Result "1-0"]
[WhiteElo "2395"]
[BlackElo "2251"]
[PlyCount "81"]
[EventDate "1999.??.??"]
[EventType "tourn"]
[EventRounds "6"]
[EventCountry "AZE"]
[SourceTitle "EXT 2000"]
[Source "ChessBase"]
[SourceDate "1999.11.16"]
[SourceVersion "1"]
[SourceVersionDate "1999.11.16"]
[SourceQuality "1"]

1. Nf3 c5 2. b3 Nf6 3. Bb2 e6 4. c4 b6 5. g3 Bb7 6. Bg2 Be7 7. O-O O-O 8. Nc3
a6 9. d4 cxd4 10. Qxd4 d6 11. Rfe1 Nbd7 12. e4 Qc7 13. Rad1 Rac8 14. h3 Rfd8
15. Qe3 Bf8 16. Nd4 Re8 17. g4 Ne5 18. Qg3 Ng6 19. Nde2 Bc6 20. g5 Nd7 21. h4
Nc5 22. h5 Ne5 23. f4 Ned7 24. Nd4 Ba8 25. h6 g6 26. Nd5 exd5 27. exd5 b5 28.
Qc3 Rxe1+ 29. Rxe1 b4 30. Qe3 Nf6 31. gxf6 Bxh6 32. Nf3 Qd7 33. Ng5 Rf8 34. Bh3
Qb7 35. Bg4 Bxg5 36. fxg5 Qb6 37. Bd4 Bb7 38. Qh3 h5 39. Bxh5 Qd8 40. Bxg6 fxg6
41. f7+ 1-0

[Event "Baku-C U18"]
[Site "Baku"]
[Date "1999.??.??"]
[Round "?"]
[White "Radjabov, Teimour"]
[Black "Volokitin, Andrei"]
[Result "0-1"]
[WhiteElo "2395"]
[BlackElo "2285"]
[PlyCount "58"]
[EventDate "1999.??.??"]
[EventType "tourn"]
[EventRounds "6"]
[EventCountry "AZE"]
[SourceTitle "EXT 2000"]
[Source "ChessBase"]
[SourceDate "1999.11.16"]
[SourceVersion "1"]
[SourceVersionDate "1999.11.16"]
[SourceQuality "1"]

1. Nf3 e6 2. b3 d5 3. Bb2 Nf6 4. c4 Be7 5. e3 O-O 6. Be2 Nbd7 7. O-O c6 8. d4
b6 9. Nc3 Bb7 10. Rc1 Rc8 11. cxd5 cxd5 12. Bd3 Ne4 13. Nd2 Nxc3 14. Bxc3 Rc7
15. Qe2 Qb8 16. Bb2 Rfc8 17. Rcd1 Bd6 18. f4 Nf6 19. g4 Ne4 20. Nxe4 dxe4 21.
Bb1 Bd5 22. f5 a5 23. Qg2 Qb7 24. f6 g6 25. Qh3 Qa6 26. Rd2 b5 27. Rg2 a4 28.
a3 b4 29. Rg3 bxa3 0-1

[Event "Budapest FS02 GM"]
[Site "Budapest"]
[Date "1999.02.06"]
[Round "1"]
[White "Lukacs, Peter"]
[Black "Radjabov, Teimour"]
[Result "1/2-1/2"]
[WhiteElo "2467"]
[BlackElo "2395"]
[Annotator "Lukacs,P"]
[PlyCount "85"]
[EventDate "1999.02.??"]
[EventType "tourn"]
[EventRounds "11"]
[EventCountry "HUN"]
[EventCategory "8"]
[SourceTitle "CBM 069"]
[Source "ChessBase"]
[SourceDate "1999.04.01"]
[SourceVersion "1"]
[SourceVersionDate "1999.04.01"]
[SourceQuality "1"]

1. d4 e6 2. c4 f5 3. g3 Nf6 4. Bg2 d5 5. Nh3 c6 6. Qc2 Bd6 7. O-O O-O 8. Bf4
Be7 {Black wants to avoid the exchange of his good B.} 9. Nd2 {/\ Nf3-e5} Nh5
$5 10. Nf3 (10. Be3 $5 {Shipov-Moskalenko, RUS-Cup2 Moscow 1996 CBM 56.}) (10.
Bxb8 {doesn't look very healthy, because it is not advisable to exchange a
well-developed piece for an undeveloped one.} Rxb8 11. e3 g5 {Black's chances
in the Stonewall usually lie on the >>.} 12. f4 (12. Rab1 Bd7 13. b4 {There is
not much on the << this time.} Rc8 14. Qd3 b5 15. c5 a5 16. a3 Ra8 17. Ra1 Qc7
$15 {Sieglen-Glek, Bonn 1994}) (12. f3 Bd7 13. Nf2 f4 {otherwise e3-e4 comes
with a great effect.} 14. exf4 gxf4 15. g4 Ng7 16. Nd3 Bf6 17. Ne5 Bxe5 18.
dxe5 Be8 {activating the bad B on the /^ b1-h7.} 19. Nb3 d4 20. Rad1 Bg6 21.
Qf2 d3 22. Rfe1 h5 23. h3 hxg4 24. hxg4 Qg5 $13 {P.Cramling-Vaisser, EU-ch
rapid 1996}) 12... h6 13. Rab1 Bd7 14. c5 Nf6 15. Nf2 g4 16. Nd3 h5 17. Ne5 h4
18. b4 h3 19. Bh1 b6 $5 $132 {Dzevlan-Gleizerov, Stockholm 1997}) 10... Nd7 ({
On} 10... h6 $6 11. Bxb8 {comes with a greater effect} Rxb8 12. Ne5 $16) 11.
Bg5 {White is chasing his opponent's good B.} (11. Bd2 {is less consistant.}
Bd6 12. Nf4 Nxf4 (12... Qe8 13. Qb3 Kh8 14. Nxh5 Qxh5 15. Bb4 Bxb4 16. Qxb4 Re8
17. Rac1 Qf7 18. Rfe1 $14 {Jacimovic-Djurhuus, Yerevan olm 1996}) 13. Bxf4 Bxf4
14. gxf4 Nf6) 11... h6 (11... Bxg5 12. Nhxg5 Qe7 13. e3 h6 14. Nh3 g5 15. Ne1 {
- 11...h6}) 12. Bxe7 Qxe7 13. e3 (13. Ne5 $6 {leads to a worse P structure for
White.} Nxe5 14. dxe5 g5 $132) 13... g5 14. Ne1 b6 $1 {Black wants to activate
his passive B via a6.} (14... Ndf6 $143 15. Nd3 Bd7 16. f4 {White maintains
the pressure in the [+]. By this way White activates his bad N h3 via f2,
while Black's bad B has no perspectives.} Ng4 17. Rfe1 Qg7 18. Nhf2 gxf4 19.
Nxg4 fxg4 20. gxf4 Be8 21. Ne5 Nf6 22. Qf2 Bg6 23. Qh4 Bf5 24. c5 Kh7 25. Kf2
Nd7 26. Nxd7 Qxd7 27. h3 $14 {A.Karpov-Vaisser, Baden-Baden 1995}) 15. f4 g4
16. Nf2 Ba6 17. b3 Nhf6 $2 {This leaves Black in eternal passivity.} ({There
is no time for preparatory moves:} 17... Rac8 $6 18. Ned3 c5 19. cxd5 $1 cxd4
20. Qd2 $16) (17... c5 $1 {was the right plan for Black to activate his
position just in time.} 18. Ned3 cxd4 19. exd4 (19. cxd5 dxe3) 19... Rac8 20.
Nb2 (20. Qe2 $6 dxc4 21. Ne5 Nxe5 22. fxe5 Ng7) 20... dxc4 21. bxc4 Bxc4 22.
Nxc4 b5 23. Qe2 bxc4 24. Bd5 Ng7 25. Bxc4 Nb6 $13) 18. Ned3 Rac8 19. Ne5 Qg7 (
19... Nxe5 20. fxe5 Ne4 21. Nxe4 fxe4 22. Rxf8+ Rxf8 (22... Qxf8 23. Rf1 $14)
23. a4 $14) 20. Qb2 $1 {The Q finds his secure place.} Nxe5 21. fxe5 Ne4 22.
Nxe4 dxe4 (22... fxe4 23. Qa3 $1) 23. Qa3 $1 Qb7 24. Rfd1 Rfd8 25. Rd2 Rd7 26.
Rad1 Rcd8 27. Bf1 h5 28. b4 b5 29. Qc3 (29. c5 $14 {leads to a better position
for White, although the breakthrough is not easy to find.}) 29... bxc4 30. a4
Kf7 31. Rc1 Rd5 32. Rb2 Rb8 33. Rcc2 Qd7 34. Rb1 $6 {[#] Overlooking Black's
tactical blow.} (34. Bxc4 Bxc4 35. Qxc4 Rb6 (35... Rc8 $6 36. b5 c5 37. a5 $16)
36. a5 Rb8 37. Qxc6 Qxc6 38. Rxc6 Rxa5 39. bxa5 Rxb2 40. Rc7+ $14) 34... c5 $1
35. dxc5 Rd3 $1 {This is a nice positional exchange sacrifice in order to gain
the |^.} (35... Rxc5 36. Rcc1 $16) 36. Bxd3 exd3 37. Ra2 {White has to play
carefully defending the P a.} ({The light-hearted} 37. Rf2 $6 {can be punished
after} Qxa4 38. e4 Bb7 39. exf5 Qc6 40. fxe6+ Kg8) 37... Qc6 38. Qd4 (38. b5 $2
Qxc5) 38... Bb7 39. e4 Qxe4 40. Qd7+ {White has to keep the perpetual.} (40.
Qxe4 fxe4 41. Kf2 Bd5 42. Ke3 c3 43. Rf2+ Ke7 44. b5 d2 {/\ Bb3}) 40... Kf8 41.
Qd6+ Kf7 42. Qd7+ Kf8 43. Qd6+ 1/2-1/2

[Event "Budapest FS02 GM"]
[Site "Budapest"]
[Date "1999.02.08"]
[Round "3"]
[White "Vajda, Szidonia"]
[Black "Radjabov, Teimour"]
[Result "1/2-1/2"]
[WhiteElo "2340"]
[BlackElo "2395"]
[PlyCount "97"]
[EventDate "1999.02.??"]
[EventType "tourn"]
[EventRounds "11"]
[EventCountry "HUN"]
[EventCategory "8"]
[SourceTitle "EXT 2000"]
[Source "ChessBase"]
[SourceDate "1999.11.16"]
[SourceVersion "1"]
[SourceVersionDate "1999.11.16"]
[SourceQuality "1"]

1. e4 e6 2. d4 d5 3. Nd2 Nf6 4. e5 Nfd7 5. Bd3 c5 6. c3 Nc6 7. Ne2 cxd4 8. cxd4
f6 9. exf6 Qxf6 10. Nf3 h6 11. O-O Bd6 12. Be3 O-O 13. Bb5 Nb6 14. a3 Bd7 15.
Rc1 Rac8 16. Ne1 a6 17. Bd3 Na5 18. Rxc8 Rxc8 19. f4 Ba4 20. Qb1 Nbc4 21. Bc1
Nb3 22. Nf3 Rf8 23. g3 Bb5 24. Rd1 Be8 25. Qc2 Nxc1 26. Rxc1 Bh5 27. Kf2 g5 28.
Rg1 Kh8 29. Bxc4 Bxf3 30. Kxf3 gxf4 31. g4 Qh4 32. Qg6 Qh3+ 33. Kf2 f3 34. Ng3
Qxh2+ 35. Kf1 Bxg3 36. Rxg3 dxc4 37. Qxe6 Kg7 38. Qe7+ Kg6 39. Qe6+ Kg5 40.
Qe7+ Kg6 41. Qe6+ Kg7 42. Qe7+ Rf7 43. Qe5+ Kf8 44. Qb8+ Ke7 45. Qc7+ Kf8 46.
Qb8+ Kg7 47. Qe5+ Kg6 48. Qe6+ Kg7 49. Qe5+ 1/2-1/2

[Event "Budapest FS02 GM"]
[Site "Budapest"]
[Date "1999.02.11"]
[Round "6"]
[White "Radjabov, Teimour"]
[Black "Csom, Istvan"]
[Result "1-0"]
[WhiteElo "2395"]
[BlackElo "2455"]
[PlyCount "71"]
[EventDate "1999.02.??"]
[EventType "tourn"]
[EventRounds "11"]
[EventCountry "HUN"]
[EventCategory "8"]
[SourceTitle "EXT 2000"]
[Source "ChessBase"]
[SourceDate "1999.11.16"]
[SourceVersion "1"]
[SourceVersionDate "1999.11.16"]
[SourceQuality "1"]

1. Nf3 c5 2. b3 b6 3. Bb2 Bb7 4. c4 Nf6 5. g3 e6 6. Bg2 Be7 7. O-O d6 8. d4
cxd4 9. Qxd4 Nbd7 10. Nc3 a6 11. Rad1 O-O 12. e4 Qc7 13. Rfe1 Rac8 14. Qd2 Rfe8
15. Nd4 g6 16. f4 e5 17. Nc2 b5 18. Ne3 Qc5 19. cxb5 axb5 20. Kh1 Bf8 21. Ned5
Nxd5 22. Nxd5 Bxd5 23. exd5 Qc2 24. Bf1 Qxd2 25. Rxd2 b4 26. Bb5 Red8 27. Re4
Rb8 28. Rxb4 Bg7 29. a4 Nc5 30. fxe5 dxe5 31. d6 Rb6 32. Rd5 Rdxd6 33. Rxd6
Rxd6 34. Be2 Na6 35. Bxa6 Rd1+ 36. Bf1 1-0

[Event "Budapest FS02 GM"]
[Site "Budapest"]
[Date "1999.02.12"]
[Round "7"]
[White "Nguyen, Anh Dung"]
[Black "Radjabov, Teimour"]
[Result "1-0"]
[WhiteElo "2485"]
[BlackElo "2395"]
[PlyCount "115"]
[EventDate "1999.02.??"]
[EventType "tourn"]
[EventRounds "11"]
[EventCountry "HUN"]
[EventCategory "8"]
[SourceTitle "EXT 2000"]
[Source "ChessBase"]
[SourceDate "1999.11.16"]
[SourceVersion "1"]
[SourceVersionDate "1999.11.16"]
[SourceQuality "1"]

1. c4 e6 2. Nc3 d5 3. d4 f5 4. cxd5 exd5 5. Bf4 c6 6. e3 Nf6 7. Bd3 Bd6 8. Nge2
O-O 9. O-O Qe7 10. Qc2 g6 11. Rab1 Nbd7 12. Bxd6 Qxd6 13. b4 Nb6 14. Na4 Nxa4
15. Qxa4 Bd7 16. b5 Ne4 17. Rfc1 Rfc8 18. bxc6 Bxc6 19. Qb4 Qd7 20. Rc2 Re8 21.
Rbc1 Kh8 22. Ng3 Nd6 23. Nf1 a5 24. Qb2 g5 25. Nd2 g4 26. Nf1 Qf7 27. Ng3 f4
28. exf4 Qxf4 29. Re2 Rxe2 30. Nxe2 Qf6 31. g3 Nc4 32. Qc3 b5 33. Bb1 Re8 34.
Nf4 b4 35. Qd3 Qg7 36. Qf5 Rf8 37. Qh5 Be8 38. Qxd5 Bf7 39. Qd7 Nd2 40. Rc7 Re8
41. Bf5 Nf3+ 42. Kg2 Qh6 43. h3 Nh4+ 44. gxh4 Qxf4 45. hxg4 Re2 46. Qc8+ Re8
47. Qd7 Re2 48. Qd8+ Kg7 49. Qg5+ Qxg5 50. hxg5 Kg8 51. Kg3 Rxa2 52. Bxh7+ Kxh7
53. Rxf7+ Kg8 54. Rb7 Rb2 55. f4 Rd2 56. g6 Rxd4 57. f5 b3 58. f6 1-0

[Event "Budapest FS02 GM"]
[Site "Budapest"]
[Date "1999.02.14"]
[Round "9"]
[White "Boricsev, Oleg"]
[Black "Radjabov, Teimour"]
[Result "1/2-1/2"]
[WhiteElo "2360"]
[BlackElo "2395"]
[PlyCount "120"]
[EventDate "1999.02.??"]
[EventType "tourn"]
[EventRounds "11"]
[EventCountry "HUN"]
[EventCategory "8"]
[SourceTitle "EXT 2000"]
[Source "ChessBase"]
[SourceDate "1999.11.16"]
[SourceVersion "1"]
[SourceVersionDate "1999.11.16"]
[SourceQuality "1"]

1. d4 e6 2. e4 d5 3. exd5 exd5 4. Nf3 Bd6 5. c4 dxc4 6. Bxc4 Nf6 7. O-O O-O 8.
Bg5 Bg4 9. Nc3 Nbd7 10. h3 Bh5 11. Ne4 h6 12. Nxd6 cxd6 13. Bf4 Nb6 14. Be2 Re8
15. Re1 Nfd5 16. Bh2 Qf6 17. Qd2 Re7 18. Rac1 a6 19. Bd1 Rae8 20. Rxe7 Qxe7 21.
a4 Bxf3 22. Bxf3 Nc4 23. Qd1 Nxb2 24. Qf1 Nb6 25. a5 N6c4 26. Bf4 Nxa5 27. Rc2
Na4 28. Re2 Qd8 29. Rxe8+ Qxe8 30. Bxd6 Qd7 31. Bg3 Qxd4 32. Qe1 Qd8 33. Bc7
Qxc7 34. Qe8+ Kh7 35. Bd5 Nc6 36. Bxf7 Ne7 37. Qxa4 Qe5 38. Qe8 Qa1+ 39. Kh2
Qf6 40. Kg1 b5 41. f4 Qd4+ 42. Kh1 Qd1+ 43. Kh2 Qd6 44. g3 g6 45. Qf8 Qf6 46.
Kg2 b4 47. g4 b3 48. f5 gxf5 49. gxf5 Qg7+ 50. Qxg7+ Kxg7 51. Bxb3 Nxf5 52. Ba4
Kf6 53. Kf3 Kg5 54. Ke4 Ng3+ 55. Kd5 Ne2 56. Bd7 Kh4 57. Kc5 Nf4 58. Kb6 Nxh3
59. Kxa6 Kg3 60. Be8 Nf4 1/2-1/2

[Event "Budapest FS02 GM"]
[Site "Budapest"]
[Date "1999.02.15"]
[Round "10"]
[White "Horvath, Csaba"]
[Black "Radjabov, Teimour"]
[Result "1/2-1/2"]
[WhiteElo "2524"]
[BlackElo "2395"]
[PlyCount "41"]
[EventDate "1999.02.??"]
[EventType "tourn"]
[EventRounds "11"]
[EventCountry "HUN"]
[EventCategory "8"]
[SourceTitle "EXT 2000"]
[Source "ChessBase"]
[SourceDate "1999.11.16"]
[SourceVersion "1"]
[SourceVersionDate "1999.11.16"]
[SourceQuality "1"]

1. Nf3 e6 2. g3 f5 3. Bg2 Nf6 4. O-O d5 5. c4 c6 6. d3 Bd6 7. Nc3 O-O 8. e4
dxe4 9. dxe4 Bb4 10. exf5 Qxd1 11. Nxd1 exf5 12. a3 Bd6 13. Nc3 Nbd7 14. Rd1
Bc7 15. Be3 f4 16. Bd4 Nb6 17. Be5 Bxe5 18. Nxe5 Ng4 19. Nxg4 Bxg4 20. f3 Bf5
21. Bf1 1/2-1/2

[Event "Budapest FS02 GM"]
[Site "Budapest"]
[Date "1999.02.16"]
[Round "11"]
[White "Radjabov, Teimour"]
[Black "Hoang, Thanh Trang"]
[Result "0-1"]
[WhiteElo "2395"]
[BlackElo "2450"]
[PlyCount "104"]
[EventDate "1999.02.??"]
[EventType "tourn"]
[EventRounds "11"]
[EventCountry "HUN"]
[EventCategory "8"]
[SourceTitle "EXT 2000"]
[Source "ChessBase"]
[SourceDate "1999.11.16"]
[SourceVersion "1"]
[SourceVersionDate "1999.11.16"]
[SourceQuality "1"]

1. Nf3 f5 2. c4 g6 3. Nc3 Nf6 4. g3 Bg7 5. Bg2 O-O 6. O-O d6 7. Rb1 e5 8. d3
Nc6 9. b4 h6 10. b5 Ne7 11. a4 g5 12. Nd2 Rb8 13. Qb3 Be6 14. Nd5 f4 15. Bb2
Nf5 16. Rbe1 fxg3 17. hxg3 Nd7 18. Qd1 c6 19. Nc3 Nf6 20. Ba3 Qd7 21. Nde4 Rf7
22. e3 Bf8 23. Qe2 Be7 24. bxc6 bxc6 25. Rb1 Rff8 26. Qc2 Ng4 27. Qe2 h5 28.
Rbe1 Ng7 29. d4 Rb3 30. Bb2 Nh6 31. Rd1 exd4 32. exd4 Bg4 33. f3 Bh3 34. d5 c5
35. Qc2 Bxg2 36. Kxg2 Rb4 37. Ba3 Nhf5 38. Rfe1 Rxc4 39. Qa2 Rd4 40. Nxc5 Qd8
41. Rxd4 Nxd4 42. Nb5 Nxf3 43. Rf1 g4 44. Nb7 Qb6 45. N7xd6 Qe3 46. Bc5 Nh4+
47. Kh2 Qxc5 48. Ne4 Qe3 49. d6+ Kh8 50. Rxf8+ Bxf8 51. gxh4 Qxe4 52. Qf7 Bxd6+
0-1

[Event "Biel MTO op"]
[Site "Biel"]
[Date "1999.07.25"]
[Round "6"]
[White "Sasikiran, Krishnan"]
[Black "Radjabov, Teimour"]
[Result "1-0"]
[WhiteElo "2536"]
[BlackElo "2438"]
[PlyCount "81"]
[EventDate "1999.07.??"]
[EventType "swiss"]
[EventRounds "11"]
[EventCountry "SUI"]
[SourceTitle "EXT 2000"]
[Source "ChessBase"]
[SourceDate "1999.11.16"]
[SourceVersion "1"]
[SourceVersionDate "1999.11.16"]
[SourceQuality "1"]

1. d4 e6 2. c4 f5 3. g3 Nf6 4. Bg2 d5 5. Nf3 c6 6. O-O Bd6 7. Qc2 O-O 8. b3 Qe7
9. Ne5 Nbd7 10. Bb2 Ne4 11. e3 Nxe5 12. dxe5 Bc5 13. Nc3 Nxc3 14. Bxc3 b6 15.
a3 Qf7 16. b4 Be7 17. Bd4 Bb7 18. Rfc1 Rfc8 19. Qb2 Bf8 20. c5 b5 21. a4 a6 22.
Ra3 Qe8 23. Rca1 Be7 24. f3 Bg5 25. Bf1 Rd8 26. Bd3 Bh6 27. Qg2 Qe7 28. Kh1 g6
29. f4 Bg7 30. g4 Kh8 31. Qh3 Rf8 32. R3a2 Kg8 33. Qg3 Kh8 34. gxf5 exf5 35. h4
Kg8 36. h5 Kf7 37. Kg2 Qe6 38. Kf3 Rh8 39. Qh3 Rhb8 40. Rg2 a5 41. Rag1 1-0

[Event "Biel MTO op"]
[Site "Biel"]
[Date "1999.07.28"]
[Round "9"]
[White "Radjabov, Teimour"]
[Black "Joksic, Sinisa"]
[Result "1-0"]
[WhiteElo "2438"]
[BlackElo "2288"]
[PlyCount "101"]
[EventDate "1999.07.??"]
[EventType "swiss"]
[EventRounds "11"]
[EventCountry "SUI"]
[SourceTitle "EXT 2000"]
[Source "ChessBase"]
[SourceDate "1999.11.16"]
[SourceVersion "1"]
[SourceVersionDate "1999.11.16"]
[SourceQuality "1"]

1. Nf3 g6 2. c4 f5 3. Nc3 Nf6 4. g3 Bg7 5. Bg2 O-O 6. O-O d6 7. d3 Nc6 8. Rb1
Nh5 9. Bd2 f4 10. b4 e5 11. Nd5 Ne7 12. Nxe7+ Qxe7 13. Bc3 c6 14. e3 g5 15.
Nxe5 Qe8 16. exf4 dxe5 17. fxe5 g4 18. Qe2 Qg6 19. d4 Rf3 20. Bxf3 gxf3 21.
Qxf3 Bh3 22. Bd2 Rf8 23. Qe2 Bg4 24. f3 Bxf3 25. Rxf3 Qxb1+ 26. Kg2 Rxf3 27.
Kxf3 Qf5+ 28. Kg2 Bf8 29. d5 cxd5 30. cxd5 Ng7 31. Bc3 a6 32. a3 b5 33. Bd4 h5
34. Qf3 Qc2+ 35. Kh3 Qf5+ 36. Kg2 Qc2+ 37. Kh3 Qg6 38. Bc3 Qf5+ 39. Kg2 Qc2+
40. Kh3 Qf5+ 41. Kg2 Kf7 42. Qxf5+ Nxf5 43. Kf3 Bh6 44. Ke4 Ne3 45. Bd2 Ng4 46.
Bxh6 Nxh6 47. h3 Ng8 48. g4 hxg4 49. hxg4 Ke7 50. d6+ Ke6 51. g5 1-0

[Event "EU-ch U18"]
[Site "Litohoto"]
[Date "1999.09.03"]
[Round "1"]
[White "Rasic, Damir"]
[Black "Radjabov, Teimour"]
[Result "0-1"]
[WhiteElo "2191"]
[BlackElo "2438"]
[PlyCount "111"]
[EventDate "1999.09.03"]
[EventType "swiss"]
[EventRounds "9"]
[EventCountry "GRE"]
[SourceTitle "CBM 072 Extra"]
[Source "ChessBase"]
[SourceDate "1999.11.18"]
[SourceVersion "1"]
[SourceVersionDate "1999.11.18"]
[SourceQuality "1"]

1. e4 e6 2. d4 d5 3. Nc3 Nf6 4. Bg5 dxe4 5. Nxe4 Be7 6. Bxf6 gxf6 7. Be2 f5 8.
Ng3 Nd7 9. Bf3 Nf6 10. N1e2 c5 11. O-O O-O 12. c3 Kh8 13. Re1 Qc7 14. Qd2 Bd7
15. Nf4 Bc6 16. Bxc6 bxc6 17. Nfh5 Rg8 18. Nxf6 Bxf6 19. dxc5 Rad8 20. Qe2 Rg4
21. Kh1 Rdg8 22. Rg1 Be5 23. Rae1 Bf4 24. b4 Rh4 25. Rgf1 Bxg3 26. fxg3 Qxg3
27. Qe5+ Qxe5 28. Rxe5 Rd8 29. a4 Rc4 30. Re3 a5 31. g4 Rxg4 32. Rb1 Rb8 33.
Rg3 Rc4 34. b5 cxb5 35. axb5 Rxc5 36. c4 Rxc4 37. Ra3 Rb4 38. Rba1 R8xb5 39.
Rxa5 Rxa5 40. Rxa5 Kg7 41. Rc5 Kf6 42. Ra5 e5 43. Ra6+ Kg5 44. Ra7 Kg6 45. Ra8
Rb2 46. Rg8+ Kf6 47. Rh8 Kg7 48. Re8 e4 49. Kg1 Kf6 50. Rh8 f4 51. Rxh7 f3 52.
Rh4 Ke5 53. Rh3 Kd4 54. Rg3 Ke3 55. h4 Ke2 56. Kh2 0-1

[Event "EU-ch U18"]
[Site "Litohoto"]
[Date "1999.09.04"]
[Round "2"]
[White "Radjabov, Teimour"]
[Black "Kovaljov, Denis"]
[Result "1-0"]
[WhiteElo "2438"]
[BlackElo "2270"]
[PlyCount "55"]
[EventDate "1999.09.03"]
[EventType "swiss"]
[EventRounds "9"]
[EventCountry "GRE"]
[SourceTitle "CBM 072 Extra"]
[Source "ChessBase"]
[SourceDate "1999.11.18"]
[SourceVersion "1"]
[SourceVersionDate "1999.11.18"]
[SourceQuality "1"]

1. Nf3 d5 2. b3 Nf6 3. Bb2 Bg4 4. g3 Nbd7 5. Bg2 e6 6. O-O c6 7. c4 Bc5 8. d4
Be7 9. Nc3 O-O 10. Re1 Rc8 11. a3 dxc4 12. bxc4 Qb6 13. h3 Bh5 14. g4 Bg6 15.
Qc1 Ne4 16. Nxe4 Bxe4 17. Qc3 Bxf3 18. Bxf3 Bf6 19. e3 e5 20. Rab1 exd4 21.
exd4 c5 22. Qd2 cxd4 23. g5 Ne5 24. Bd5 Rc5 25. Qe2 d3 26. Qe4 Nf3+ 27. Qxf3
Bxb2 28. Qxf7+ 1-0